000 01052nam a2200253 a 4500
001 47704
003 BD-RjUL
005 20211209054356.0
008 160810s1998 bg ||||| |||| 00| 0 ben d
020 _a9843100867
_c: Tk. 125.00
035 _a(BD-RjUL)47823
040 _aBD-RjUL
_bben
_cBD-RjUL
041 _aben
082 _a332.6095492
_bMAS 1998
100 _aমাহমুদ, আনু
_9121248
245 1 0 _aশেয়ার বাজার :
_bব্যাংকিং বিনিয়োগ ও শিল্পায়ন /
_cআনু মাহমুদ
260 _aঢাকা :
_bধানসিড়ি প্রিন্টিং,
_c১৯৯৮
300 _a[৬], ১৮৩ পৃ. ;
_c২০ সেমি.
650 _aশেয়ার বাজার
_zবাংলাদেশ
_9144908
650 _aStock exchanges
_zBangladesh
_9144909
650 _aবিনিয়োগ ব্যাংকিং
_zবাংলাদেশ
_9144910
650 _aInvestment banking
_z Bangladesh.
_9144911
942 _2ddc
_cBK
999 _c47704
_d47704